Matemática para divertirse

-д хадгалсан:
Номзүйн дэлгэрэнгүй
Үндсэн зохиолч: Gardner, Martin (Зохиогч)
Формат: Ном
Хэл сонгох:испани
Хэвлэсэн: Buenos Aires Granica 1988
Цуврал:Colección Juegos
Нөхцлүүд:
Шошгууд: Шошго нэмэх
Шошго байхгүй, Энэхүү баримтыг шошголох эхний хүн болох!

MARC

LEADER 00000nam a2200000 a 4500
001 UCW0187
003 CL-VaPUC
008 901204e19880000AG |||||||||||||||||spa|d
082 0 4 |a 793.74  |b GAR  |2 21 
100 |a Gardner, Martin  |e author  |9 591378 
245 1 0 |a Matemática para divertirse 
300 |a 159 p 
942 |c BK 
945 |d 19901204 00:00:00 
260 |a Buenos Aires  |b Granica  |c 1988 
650 7 |a MATEMATICAS RECREATIVAS  |2 CL-VaPUC  |9 269273 
583 |a last modification  |c 19901204 00:00:00  |k Rodrigo Vera 
490 0 |a Colección Juegos 
999 |c 215416  |d 215414 
952 |0 0  |1 0  |4 0  |6 793_740000000000000_GAR_1988  |7 0  |8 A  |9 199695  |a BIBART  |b BIBART  |d 2019-11-14  |i 2669544  |l 1  |o 793.74 GAR 1988  |p 2669544  |r 2025-03-13  |s 2022-04-22  |w 2019-11-14  |y BK  |k ART